Die Überlieferung der Benediktinerabtei Seligenstadt im Staatsarchiv Würzburg
| Titel: | Die Überlieferung der Benediktinerabtei Seligenstadt im Staatsarchiv Würzburg |
|---|---|
| Verfasser: | |
| In: |
Archivalische Zeitschrift, Band 88 (2006), Seite 1041-1061 alle Artikel anzeigen |
| Veröffentlicht: | 2006 |
| Format: | Aufsatz |
| Sprache: | Deutsch |
X
alg: 31304854 001A $01999:23-11-12 001B $03036:30-01-19 $t14:04:12.000 001D $01999:23-11-12 001U $0utf8 001X $00 002@ $0Aox 003@ $0313048541 007A $0313048541 $aHEB 007T $0hstad075355 007T $0ArchMa10958 010@ $ager 011@ $a2006 021A $aDie @Überlieferung der Benediktinerabtei Seligenstadt im Staatsarchiv Würzburg 028A $aWagenhöfer $dWerner 031A $d88 $h1041-1061 $j2006 039B $aIn: $8--Abvc--. Archivalische Zeitschrift. - Köln : Böhlau, 1876-. - ISSN 0003-9497 $x200600000880000959 $9047256281 045T $a8 lok: 31304854 74 exp: 31304854 74 1 #EPN 201B/01 $029-11-12 $t15:32:11.000 201U/01 $0utf8 203@/01 $0657886637 208@/01 $a23-11-12 $br 209A/01 $aA 150/30 $ds $f000 $x00 209C/01 $a572/2006 245Z/01 $aA 000150/00030 $x01 247C/01 $8618460-1 <460>Darmstadt, Hessisches Staatsarchiv Darmstadt, Bibliothek $9102600937 lok: 31304854 105 exp: 31304854 105 1 #EPN 201B/01 $030-01-19 $t14:04:12.000 201C/01 $030-01-19 201U/01 $0utf8 203@/01 $01042306486 208@/01 $a13-12-18 $be 209A/01 $a/ $f106 $x00 245Z/01 $a3.07.02. $bArchivwesen des Bundes- und der deutschen Bundesländer / Bayern / Archive und Archivbestände $x01 247C/01 $8->Marburg, Bibliographie zum Archivwesen der Archivschule Marburg $939588196X
| LEADER | 00000caa a22000002c 4500 | ||
|---|---|---|---|
| 001 | 313048541 | ||
| 003 | DE-603 | ||
| 005 | 20190130140412.0 | ||
| 007 | tu | ||
| 008 | 121123s2006 xx |||| | u00||u|ger c | ||
| 035 | |a (DE-599)HEB313048541 | ||
| 040 | |a DE-603 |b ger |c DE-603 |d DE-603 | ||
| 041 | |a ger | ||
| 084 | |a 8 |2 ssgn | ||
| 100 | 1 | |a Wagenhöfer, Werner | |
| 245 | 0 | 0 | |a Die Überlieferung der Benediktinerabtei Seligenstadt im Staatsarchiv Würzburg |
| 264 | 0 | |c 2006 | |
| 773 | 0 | 8 | |i In: |t Archivalische Zeitschrift |d Köln : Böhlau, 1876- |x 0003-9497 |g Band 88 (2006), Seite 1041-1061 |w (DE-603)047256281 |w (DE-600)201051-3 |
| 924 | 0 | |9 460 |a (DE-603)657886637 |b DE-460 |c HES |d d |g A 150/30 | |
| 924 | 0 | |9 - |a (DE-603)1042306486 |b DE- |c HES |d d |g / | |